000 00361nam a2200169Ia 4500
003 0STCL
008 150530s9999 xx 000 0 und d
040 _aSTCL
_cSTCL
100 _aButler
245 _aErewhon or over the range
250 _aSecond
260 _c1924
546 _aEnglish
942 _2ddc
_cBK
999 _c58747
_d58747
005 20220125171052.0